000 00731nam a2200217Ia 4500
001 3265
003 GE_BSU
008 181216s||||||||xx |||||||||||||| ||und||
040 _cGE_BSU
080 _a725.4.05
100 _aОрловский,Б.Я. Орловский,Я.Б.
245 _aАрхитектура гражданских и промышленных зданий. Промышленные здания.
245 _bУчеб.
250 _aИзд. 3-е, перераб. и доп.
260 _aМ.
260 _bВысш. шк.
260 _c1985.
300 _a287 стр. 22 см. с илл.
653 _aАрхитектура гражданских и промышленных зданий.
942 _cBK
999 _c37306
_d37306